000 00551nam a2200205Ia 4500
001 240
005 20251205092553.0
008 251203t1995||||xx |||||||||||||| ||spa||
020 _a3224110783
041 _aESP
082 _a833
_bB16
100 _aBaier, Wolfgang,
_cAUT
245 0 _aGefangen vom Leuchtenden Pfad
260 _a[Lugar de publicación no identificado]
_bJugend & Volk,
_c1995
300 _a143 pƔginas :
_b ilustraciones ;
_c 21 cm.
650 _aLYR
653 _aLiteratura alemana
654 _aCTP
942 _cLIB
_dJUS
_fMAT
_2ddc
999 _c240
_d240